Quiz da UEFA Euro 2020 - Statistics

Estatísticas Gerais
  • Esse quiz foi jogado 16 380 vezes
  • A pontuação média é 19 de 24
Estatísticas das Respostas
Grupo Seleção % Correto
F Portugal
97%
F França
96%
A Itália
96%
E Espanha
95%
F Alemanha
94%
D Inglaterra
93%
A Suíça
89%
E Suécia
87%
B Bélgica
85%
C Países Baixos
84%
D Croácia
81%
B Dinamarca
81%
B Rússia
81%
E Polônia
77%
C Ucrânia
77%
F Hungria
74%
B Finlândia
71%
C Áustria
69%
E Eslováquia
67%
A País de Gales
65%
A Turquia
63%
D República Checa
61%
D Escócia
60%
C Macedónia do Norte
55%
Nenhum quiz correspondente encontrado
Distribuição das Pontuações
Porcentagem de Pessoas com Cada Pontuação
Percentil de Números Respondidos
Sua Pontuação Histórica
Você não jogou esse quiz